[Event "ch-WLS"]
[Site "Cardiff WLS"]
[Date "2009.04.10"]
[Round "1"]
[White "Fathallah,J"]
[Black "Jones,RS"]
[Result "0-1"]
[WhiteElo "1964"]
[BlackElo "2318"]

1.d4 Nf6 2.c4 g6 3.Nc3 Bg7 4.e4 d6 5.Nf3 O-O 6.Be2 e5 7.O-O Nc6 8.d5 Ne7
9.Ne1 Nd7 10.Be3 f5 11.f3 f4 12.Bf2 g5 13.Nd3 Nf6 14.h3 h5 15.c5 Ng6 16.cxd6 cxd6
17.Nb5 g4 18.hxg4 hxg4 19.Nxd6 g3 20.Bc5 Nd7 21.Bf2 Qh4 22.Re1 Qh2+ 23.Kf1 Qh1+
24.Bg1 Nh4  0-1

[Event "11th European Senior Team"]
[Site "Velden AUT"]
[Date "2009.04.10"]
[Round "6"]
[White "Lieb,H"]
[Black "Stull,N"]
[Result "0-1"]
[WhiteElo "2247"]
[BlackElo "2164"]

1.d4 Nf6 2.Nf3 g6 3.c4 Bg7 4.Nc3 O-O 5.e4 d6 6.Be2 e5 7.O-O Nc6 8.d5 Ne7
9.Ne1 Nd7 10.Be3 f5 11.f3 f4 12.Bf2 g5 13.Nd3 Ng6 14.c5 Nf6 15.Rc1 a6 16.cxd6 cxd6
17.Na4 g4 18.Bb6 Qe8 19.Bc7 g3 20.Nb6 gxh2+ 21.Kxh2 Nh4 22.Rh1 Qg6 23.Bf1 Nxe4
24.Kg1 Nxf3+ 25.Qxf3 Bg4 26.Qxe4 Qxe4 27.Nf2 Qg6 28.Nxa8 Rxa8 29.Nxg4 Qxg4
30.Bd3 h6 31.Bxd6 f3 32.Bf1 Qd4+ 33.Kh2 Qh4+ 34.Kg1 f2+  0-1

[Event "KFP Cup"]
[Site "Frydek Mistek CZE"]
[Date "2009.04.11"]
[Round "5"]
[White "Zilka,S"]
[Black "Csiba,D"]
[Result "1-0"]
[WhiteElo "2477"]
[BlackElo "2377"]

1.d4 Nf6 2.c4 g6 3.Nc3 Bg7 4.e4 d6 5.Nf3 O-O 6.Be2 e5 7.O-O Nc6 8.d5 Ne7
9.Ne1 Nd7 10.Nd3 f5 11.Bd2 Nf6 12.f3 f4 13.c5 h5 14.Rc1 g5 15.cxd6 cxd6 16.Nb5 Ne8
17.Qc2 Bd7 18.Nf2 g4 19.a4 g3 20.hxg3 fxg3 21.Nh3 Bxh3 22.gxh3 Ng6 23.Kg2 Rf4
24.Kxg3 Bh6 25.Rg1 Kh7 26.Kh2 Qd7 27.Rg3 Rf7 28.Bxh6 Kxh6 29.Rcg1 Nf4 30.Bf1 Rg7
31.Qf2 a6 32.Na3 Qxa4 33.Nc4 Rc8 34.Rxg7 Nxg7 35.Qg3 Qd7 36.Nxd6 Rc2+ 37.Kh1 Kh7
38.Nf5  1-0

[Event "CEZ Cup"]
[Site "Frydek Mistek CZE"]
[Date "2009.04.11"]
[Round "6"]
[White "Belunek,V"]
[Black "Talla,V"]
[Result "0-1"]
[WhiteElo "2284"]
[BlackElo "2456"]

1.Nf3 Nf6 2.d4 g6 3.c4 Bg7 4.Nc3 d6 5.e4 O-O 6.Be2 e5 7.O-O Nc6 8.d5 Ne7
9.b4 c6 10.Nd2 a5 11.dxc6 Nxc6 12.b5 Nd4 13.Ba3 b6 14.Nb3 Be6 15.Nxd4 exd4
16.Qxd4 Nd5 17.Qxg7+ Kxg7 18.cxd5 Bc8 19.f4 Re8 20.Bf3 Ra7 21.Bb2 f6 22.Ne2 Rc7
23.Rac1 Rc5 24.Nd4 Bd7 25.a4 Kf7 26.Nb3 Rxc1 27.Rxc1 Qb8 28.Nd4 f5 29.exf5 Bxf5
30.Nc6 Qb7 31.g4 Bd3 32.Rc3 Bb1 33.Rc1 Ba2 34.Kf2 Kg8 35.Rd1 Qf7 36.Rd4 h5
37.h3 hxg4 38.hxg4 Qh7 39.Kg3 Re3 40.Re4 Rxf3+ 41.Kxf3 Bxd5 42.Ne7+ Qxe7  0-1

[Event "Knut Bockman Cup"]
[Site "Oslo NOR"]
[Date "2009.04.11"]
[Round "8"]
[White "Urkedal,F"]
[Black "Harestad,H"]
[Result "1-0"]
[WhiteElo "2299"]
[BlackElo "2235"]

1.d4 Nf6 2.c4 g6 3.Nc3 Bg7 4.e4 d6 5.Nf3 O-O 6.Be2 e5 7.O-O Nc6 8.d5 Ne7
9.Nd2 a5 10.a3 Nd7 11.Rb1 f5 12.b4 axb4 13.axb4 Kh8 14.f3 Ng8 15.Qc2 Rf7
16.Nb5 Bf8 17.exf5 gxf5 18.f4 Bh6 19.Bb2 Ngf6 20.fxe5 Nxe5 21.Nd4 Be3+ 22.Kh1 f4
23.N4f3 Nfg4 24.Nxe5 Nxe5 25.Nf3 Qf6 26.Qc3 Re7 27.Nxe5  1-0

[Event "ch-MGL"]
[Site "Ulan Bator MGL"]
[Date "2009.04.13"]
[Round "5"]
[White "Oyunbaatar,T"]
[Black "Bayarmandakh,B"]
[Result "0-1"]
[WhiteElo "2306"]
[BlackElo "2345"]

1.d4 Nf6 2.c4 g6 3.Nc3 Bg7 4.e4 d6 5.Be2 O-O 6.Nf3 e5 7.O-O Nc6 8.d5 Ne7
9.b4 a5 10.bxa5 Rxa5 11.a4 b6 12.Ba3 Ne8 13.Bb4 Ra8 14.a5 bxa5 15.Rxa5 Rb8
16.Rb5 Bd7 17.Rxb8 Qxb8 18.Qb1 f5 19.c5 dxc5 20.Bxc5 Nd6 21.Ng5 Bf6 22.Ne6 Bxe6
23.dxe6 Qxb1 24.Rxb1 fxe4 25.Bxd6 cxd6 26.Rd1 Nf5 27.Nxe4 Be7 28.Bc4 Rc8
29.Bd5 Kf8 30.Ra1 Nd4 31.g3 g5 32.g4 Ne2+ 33.Kf1 Nf4 34.Rd1 Rc2 35.Ng3 Rc5
36.Be4 d5 37.Bxh7 Nxe6 38.Ne2 e4 39.Bf5 Kf7 40.Bxe6+ Kxe6 41.Nd4+ Ke5 42.Ke2 Rc4
43.Nf5 Rc2+ 44.Rd2 Rxd2+ 45.Kxd2 Bc5 46.Ke2 Kf4 47.h3 d4 48.Ng7 d3+ 49.Kf1 Be7
50.Nf5 Bf6 51.Ne3 Kf3  0-1

[Event "80th Viktor Kart Jubilee"]
[Site "Lvov UKR"]
[Date "2009.04.14"]
[Round "5"]
[White "Kozakov,M"]
[Black "Vidonyak,R"]
[Result "0-1"]
[WhiteElo "2457"]
[BlackElo "2414"]

1.d4 Nf6 2.c4 g6 3.Nc3 Bg7 4.e4 d6 5.Nf3 O-O 6.Be2 e5 7.O-O Nc6 8.d5 Ne7
9.b4 Nh5 10.Re1 f5 11.Ng5 Nf6 12.f3 Kh8 13.c5 h6 14.Ne6 Bxe6 15.dxe6 d5 16.exd5 Nfxd5
17.Nxd5 Qxd5 18.Qb3 Qxb3 19.axb3 Nc6 20.Ra4 Rfe8 21.b5 Nd4 22.Bc4 Nxe6 23.Be3 Nd4
24.Bf7 Nxb5 25.Bxe8 Rxe8 26.Bd4 Re7 27.Bb2 c6 28.Raa1 Kg8 29.Rad1 Kf7 30.Rd8 Nc7
31.Kf2 h5 32.g3 g5 33.Rd6 g4 34.Re2 gxf3 35.Kxf3 Na6 36.Ba3 Bf6 37.Rc2 Nc7
38.Bb2 Ne6 39.b4 Ng5+ 40.Ke3 Ne4 41.Rd8 Rc7 42.Rb8 Rd7 43.Kf3 a6 44.Re2 Nd2+
45.Kg2 Nc4 46.Bc3 Ke6 47.Re8+ Be7 48.Rh8 Rd3 49.Be1 h4 50.Rh6+ Kd5 51.Rh7 Ke6
52.Rh6+ Kd7 53.Rh7 hxg3 54.hxg3 Ke6 55.Bf2 Rb3 56.Be1 Ne3+ 57.Kg1 Ng4 58.Kg2 Ne3+
59.Kg1 Ng4 60.Kg2 a5 61.bxa5 Bxc5 62.Ra2 Rb1 63.Rh1 Kd5 64.Bd2 Rb3 65.Rh5 Ke4
66.Rh1 Bd4 67.Re1+ Kd5 68.Rf1 Ke6 69.Rc2 Ra3 70.Rb1 Bf2 71.Rxb7 Rxg3+ 72.Kf1 Bd4
73.Rxc6+ Kd5 74.Rc2 f4 75.a6 Nh2+ 76.Ke2 f3+  0-1

[Event "XXVII Open"]
[Site "Metz FRA"]
[Date "2009.04.14"]
[Round "6"]
[White "Savchenko,S"]
[Black "Spirin,O"]
[Result "1/2-1/2"]
[WhiteElo "2529"]
[BlackElo "2437"]

1.Nf3 Nf6 2.c4 g6 3.Nc3 Bg7 4.e4 d6 5.d4 O-O 6.Be2 e5 7.O-O Nc6 8.d5 Ne7
9.b4 a5 10.Ba3 b6 11.bxa5 Rxa5 12.Bb4 Ra8 13.a4 Re8 14.Qd3 Nd7 15.Qb1 c5
16.dxc6 Nc5 17.Rd1 Nxc6 18.h3 Nd4 19.Ra2  1/2-1/2

[Event "4th Open"]
[Site "Angers FRA"]
[Date "2009.04.17"]
[Round "1"]
[White "Loiret,S"]
[Black "Renouard,L"]
[Result "1-0"]
[WhiteElo "2266"]
[BlackElo "1897"]

1.Nf3 Nf6 2.c4 g6 3.Nc3 Bg7 4.e4 d6 5.d4 O-O 6.Be2 e5 7.O-O Nc6 8.d5 Ne7
9.b4 b6 10.a4 Ne8 11.a5 Bb7 12.Be3 f5 13.Ng5 Bc8 14.axb6 cxb6 15.c5 f4 16.Bc1 h6
17.cxd6 Nxd6 18.Nf3 Bd7 19.b5 Nec8 20.Nd2 Re8 21.Rb1 h5 22.Ba3 Qf6 23.Rb3 Bf8
24.Bb2 Qg5 25.Kh1 Re7 26.Ncb1 Qh6 27.Na3 Bg7 28.g4 h4 29.h3 Ne8 30.Nf3 Ncd6
31.Bd3 Nc7 32.Qa1 Qh8 33.Rc1 Nce8 34.Kh2 Bf6 35.Nc4 Nxc4 36.Rxc4 Nd6 37.Rc7 Ne8
38.Rc2 g5 39.Ba3 Rh7 40.Bc4 Qg7 41.d6+ Kh8 42.Bd5 Rd8 43.Bc6 Qf8 44.Rd3 Bc8
45.d7  1-0

[Event "Sydney International Open"]
[Site "Parramatta AUS"]
[Date "2009.04.17"]
[Round "6"]
[White "Oliver,G"]
[Black "Brown,An"]
[Result "0-1"]
[WhiteElo "2187"]
[BlackElo "2085"]

1.d4 Nf6 2.c4 g6 3.Nc3 Bg7 4.e4 d6 5.Be2 O-O 6.Nf3 e5 7.O-O Nc6 8.d5 Ne7
9.b4 Nd7 10.Qb3 a5 11.Be3 axb4 12.Qxb4 b6 13.Nd2 f5 14.f3 f4 15.Bf2 g5 16.a4 Rf6
17.a5 bxa5 18.Rxa5 c5 19.Rxa8 cxb4 20.Nb5 Nc5 21.Rfa1 Qb6 22.R1a7 Bf8 23.Nb3 Qd8
24.Nxc5 dxc5 25.Rc7 Ra6 26.Rb8 Ra1+ 27.Be1 Ra5 28.Rxc5 b3 29.Bc3 Ra8 30.Rxa8 Qb6
31.Bb4 Nxd5 32.Rxc8 Nxb4 33.Kf1 b2 34.Nc3 Qxc5 35.Rxc5 Bxc5 36.Bd1 Bd4 37.Nb1 Kf7
38.Ke2 Ke7 39.Kd2 Kd6 40.Be2 Kc5 41.Bf1 Na6 42.Kc2 Kb4 43.Be2 Nc5 44.Bf1 Nb3
45.Be2 Na1+ 46.Kd2 Be3+ 47.Kd1 Nb3 48.Bf1 Nd4 49.Bd3 Bc1 50.Bf1 Kb3 51.Bd3 h6
52.Bf1 Ne6 53.h3 Nc5 54.Be2 h5 55.Bf1 Na6 56.Bd3 Nb4 57.Ke2 Nxd3 58.Kxd3 Be3
59.Nc3 Bc5 60.Nb1 Bd4  0-1

[Event "TCh-NED 2008-9"]
[Site "Netherlands NED"]
[Date "2009.04.18"]
[Round "8"]
[White "Pliester,L"]
[Black "Pruijssers,R"]
[Result "1-0"]
[WhiteElo "2383"]
[BlackElo "2452"]

1.d4 Nf6 2.c4 g6 3.Nc3 Bg7 4.e4 d6 5.Nf3 O-O 6.Be2 e5 7.O-O Nc6 8.d5 Ne7
9.b4 Nh5 10.g3 f5 11.Ng5 Nf6 12.f3 f4 13.b5 Ne8 14.Rb1 fxg3 15.hxg3 h6 16.Ne6 Bxe6
17.dxe6 Qc8 18.Nd5 Qxe6 19.Nxe7+ Qxe7 20.Qd5+ Kh7 21.Qxb7 Nf6 22.Be3 Rab8
23.Qc6 Nh5 24.Kg2 Rb6 25.Qd5 Nf6 26.Qd2 Nd7 27.Rbd1 Nc5 28.Bxc5 dxc5 29.Qd7 Rf7
30.Qxe7 Rxe7 31.Rd5 Rd6 32.Rfd1 Red7 33.Rxd6 cxd6 34.Rd3 Bf6 35.Kf2 Kg7 36.Bf1 Be7
37.Bh3 Rc7 38.Be6 Kf6 39.Bd5 Bd8 40.Bc6 Be7 41.Ra3 Bf8 42.Ra6 Ke7 43.a4 Kd8
44.Bd5 Rg7 45.b6 axb6 46.Ra8+ Ke7 47.Rb8  1-0

[Event "4th Open"]
[Site "Angers FRA"]
[Date "2009.04.19"]
[Round "5"]
[White "Loiret,S"]
[Black "Bouget,A"]
[Result "1-0"]
[WhiteElo "2266"]
[BlackElo "2045"]

1.Nf3 Nf6 2.c4 g6 3.Nc3 Bg7 4.e4 d6 5.d4 O-O 6.Be2 e5 7.O-O Nc6 8.d5 Ne7
9.b4 a5 10.Ba3 axb4 11.Bxb4 Nd7 12.Nd2 f5 13.a4 f4 14.Bg4 h5 15.Be6+ Kh7
16.f3 Rf6 17.Bh3 g5 18.a5 Ng8 19.Nb3 Bf8 20.Qe2 Nh6 21.Nd1 g4 22.fxg4 hxg4
23.Bxg4 Nc5 24.Bxc8 Nxb3 25.Bxb7 Rb8 26.a6 Nxa1 27.Qa2 Nc2 28.Qxc2 c5 29.dxc6 Ng4
30.Be1 Rg6 31.h3 Qb6+ 32.c5 dxc5 33.hxg4 Bd6 34.Qb2 Qa7 35.Rf3 Rxg4 36.Rh3+ Kg7
37.Qe2 Rg6 38.Qc4 Rf8 39.Bf2 Qb6 40.Rb3 Qd8 41.Qe2 Qg5 42.Qf3 Rh8 43.a7 c4
44.Rc3 Rgh6 45.Kf1 Rh1+ 46.Ke2 Bb4 47.a8=Q Rxa8 48.Bxa8 Qd8 49.Qg4+ Kf8 50.Qf5+ Kg8
51.Qd7 Qxa8 52.c7 Qxe4+ 53.Ne3  1-0

[Event "NK Jeugd A"]
[Site "Venlo NED"]
[Date "2009.04.24"]
[Round "1"]
[White "Van Zetten,M"]
[Black "Ootes,La"]
[Result "0-1"]
[WhiteElo "1984"]
[BlackElo "2219"]

1.d4 Nf6 2.c4 g6 3.Nc3 Bg7 4.e4 d6 5.Nf3 O-O 6.Be2 e5 7.O-O Nc6 8.d5 Ne7
9.b4 Ne8 10.c5 f5 11.Ng5 h6 12.Ne6 Bxe6 13.dxe6 fxe4 14.cxd6 cxd6 15.Nxe4 b6
16.Qb3 d5 17.Rd1 Nc7 18.Nc3 Kh7 19.Bb2 Qd6 20.Bf3 Rad8 21.b5 Qxe6 22.Ba3 e4
23.Be2 Rf7 24.Rac1 Nf5 25.Qb4 Qf6 26.Nxe4 dxe4 27.Rxd8 Qxd8 28.Qxe4 Qd4 29.Qf3 Nd6  0-1

[Event "NK Jeugd A"]
[Site "Venlo NED"]
[Date "2009.04.28"]
[Round "5"]
[White "Goudriaan,E"]
[Black "Ootes,La"]
[Result "0-1"]
[WhiteElo "2104"]
[BlackElo "2219"]

1.d4 d6 2.Nf3 g6 3.c4 Nf6 4.Nc3 Bg7 5.e4 O-O 6.Be2 e5 7.O-O Nc6 8.d5 Ne7
9.Ne1 Nd7 10.Be3 f5 11.f3 f4 12.Bf2 g5 13.b4 Nf6 14.c5 h5 15.Rc1 g4 16.Bh4 g3
17.h3 Ng6 18.Bg5 Bxh3 19.Qc2 Bc8 20.Nb5 a6 21.cxd6 axb5 22.Qxc7 Qe8 23.Rc2 Nh7
24.Be7 Bd7 25.Bxf8 Nhxf8 26.Nd3 Rc8 27.Rfc1 Rxc7 28.Rxc7 Qd8 29.Kf1 Qh4 30.Ke1 Qh1+
31.Bf1 h4 32.Ke2 h3 33.gxh3 Qh2+  0-1

[Event "ch-RUS U20 w"]
[Site "Dagomys RUS"]
[Date "2009.04.30"]
[Round "2"]
[White "Charochkina,D"]
[Black "Severiukhina,Z"]
[Result "1-0"]
[WhiteElo "2306"]
[BlackElo "2332"]

1.d4 Nf6 2.Nf3 g6 3.c4 Bg7 4.Nc3 d6 5.e4 O-O 6.Be2 e5 7.O-O Nc6 8.d5 Ne7
9.b4 a5 10.Ba3 axb4 11.Bxb4 Nd7 12.a4 Bh6 13.Bd3 f5 14.a5 Kh8 15.Nd2 Ng8
16.Qc2 Qe7 17.Na4 fxe4 18.Nxe4 Ngf6 19.c5 Nxe4 20.Bxe4 Nf6 21.cxd6 cxd6 22.Nb6 Nxe4
23.Qxe4 Rf4 24.Qe1 Rb8 25.Bd2 Bf5 26.Bxf4 Bxf4 27.Qc3 h5 28.Ra4 Qg5 29.g3 Bd2
30.Qc7 Re8 31.Nc4 Rc8 32.Qxd6 Bh3 33.Nxe5 Qf5 34.Nxg6+ Kg7 35.Nh4 Qd3 36.Qe5+ Kg8
37.Rd1 Qc2 38.Raa1 Bg4 39.f3 Bd7 40.Qe4 Qc5+ 41.Kh1 Bc3 42.Rac1  1-0

[Event "84th ch-ARG Semifinal"]
[Site "La Plata ARG"]
[Date "2009.05.03"]
[Round "6"]
[White "Meza,Hu"]
[Black "Scarzello,A"]
[Result "1-0"]
[WhiteElo "2318"]
[BlackElo "2065"]

1.d4 g6 2.c4 Bg7 3.Nc3 d6 4.e4 Nf6 5.Nf3 O-O 6.Be2 e5 7.O-O Nc6 8.d5 Ne7
9.Ne1 Nd7 10.Nd3 f5 11.Bd2 Nf6 12.f3 f4 13.c5 g5 14.cxd6 cxd6 15.h3 Ng6 16.Qc2 Rf7
17.Rfc1 h5 18.Nf2 Bf8 19.a4 Rg7 20.Nb5 Ne8 21.Ra3 a6 22.Rc3 Bd7 23.Nc7 Nxc7
24.Rxc7 Rb8 25.a5 Nh4 26.Qb3 Qe8 27.Qb6 g4 28.fxg4 f3 29.Bxf3 Nxf3+ 30.gxf3 hxg4
31.hxg4 Qg6 32.Kg2 Rf7 33.Qe3 Rg7 34.Rh1  1-0

[Event "Moscow Region Spring GM"]
[Site "Serpukhov RUS"]
[Date "2009.05.03"]
[Round "5"]
[White "Savina,A"]
[Black "Can,E"]
[Result "0-1"]
[WhiteElo "2258"]
[BlackElo "2461"]

1.d4 Nf6 2.c4 g6 3.Nc3 Bg7 4.e4 d6 5.Nf3 O-O 6.Be2 e5 7.O-O Nc6 8.d5 Ne7
9.b4 Nh5 10.Re1 a5 11.bxa5 Rxa5 12.a4 c5 13.Nd2 Nf6 14.Nb5 Ne8 15.Ra3 f5
16.exf5 gxf5 17.f4 exf4 18.Nb3 Ra6 19.Bxf4 Ng6 20.Bg3 Nf6 21.Nd2 f4 22.Bf2 Bf5
23.h3 Ne5 24.Nf3 Ne4 25.Bh4 Nxf3+ 26.Bxf3 Qxh4 27.Bxe4 Re8 28.g3 Qe7 29.gxf4 Bxe4
30.Rae3 Raa8 31.Qg4 Kh8 32.Rxe4 Qxe4 33.Rxe4 Rxe4 34.Nxd6 Re7 35.Nc8 Re8
36.Nd6 Re7 37.Nc8 Rc7 38.Nb6 Rg8 39.Kf1 Bd4 40.Qh5 Re7 41.Qg4 Rxg4 42.hxg4 Re4  0-1

[Event "FIDE Open"]
[Site "Ostrava CZE"]
[Date "2009.05.06"]
[Round "5"]
[White "Plischki,S"]
[Black "Dziuba,M"]
[Result "1/2-1/2"]
[WhiteElo "2363"]
[BlackElo "2535"]

1.Nf3 Nf6 2.c4 g6 3.Nc3 Bg7 4.e4 d6 5.d4 O-O 6.Be2 e5 7.O-O Nc6 8.d5 Ne7
9.Ne1 Nd7 10.f3 f5 11.g4 Kh8 12.h4 Nf6 13.Nd3 c6 14.a4 a5 15.Kg2 Bd7 16.Be3 Neg8
17.exf5 cxd5 18.cxd5 gxf5 19.g5 f4 20.gxf6 Nxf6 21.Bf2 Qe7 22.Rh1 Rg8 23.Kf1 Rae8
24.Nc1 e4 25.Nxe4 Nxe4 26.fxe4 Qxe4 27.Bf3 Qc4+ 28.Qd3 Qb4 29.Ne2 Bxa4 30.Qa3 Bb5
31.Qxb4 axb4 32.Ra5 Bd3 33.Ra4 Re7 34.Rh2 Rc8 35.Rxb4 Bxe2+ 36.Bxe2 Rc1+
37.Be1 f3 38.Rf2 fxe2+ 39.Rxe2 Rxe2 40.Kxe2 Rc2+ 41.Kd3 Rxb2 42.Rc4 Be5 43.Rc7 Kg8
44.Bd2 b5 45.Rb7 h5 46.Bg5 Rb4 47.Ke3 Kf8 48.Bh6+ Ke8 49.Bg5 Bg3 50.Re7+ Kf8
51.Re6 Bxh4 52.Bxh4 Rxh4 53.Rxd6 Ke7 54.Rb6 b4 55.Kf3 Rc4 56.Kg3 Kd7 57.d6 Rd4
58.Kh3 Ke6 59.Kg3 Kd5 60.d7 Kc4 61.Rb7 Kb3 62.Kh3 Ka3 63.Ra7+ Kb2 64.Rb7 Kb3
65.Kg3 Kc3 66.Rc7+ Kb2 67.Rb7 b3 68.Kh3 Kc2 69.Rc7+ Kb1 70.Rb7 b2 71.Kg3 Rg4+
72.Kh3 Rg8 73.Kh4 Rh8 74.Rc7 Rb8 75.Rc8 Rb4+  1/2-1/2

[Event "Copenhagen Chess Challenge"]
[Site "Ballerup DEN"]
[Date "2009.05.07"]
[Round "3"]
[White "De Verdier,M"]
[Black "Jorgensen,R"]
[Result "1-0"]
[WhiteElo "2229"]
[BlackElo "2024"]

1.d4 Nf6 2.Nf3 g6 3.c4 Bg7 4.Nc3 O-O 5.e4 d6 6.Be2 e5 7.O-O Nc6 8.d5 Ne7
9.b4 Nh5 10.g3 f5 11.Ng5 Nf6 12.f3 f4 13.Kg2 Nh5 14.g4 Bf6 15.Ne6 Bxe6 16.dxe6 Ng7
17.c5 Kh8 18.Bc4 dxc5 19.bxc5 Nc6 20.Rb1 Na5 21.Qa4 Nxc4 22.Qxc4 Qc8 23.Ba3 c6
24.Rf2 Nxe6 25.Rfb2 Rf7 26.Ne2 Rb8 27.Rb3 Qe8 28.Qa4 h5 29.h3 hxg4 30.hxg4 Rh7
31.Rd3 Qf8 32.Rdd1 Rd8 33.Rh1 Bh4 34.Qc4 Qf6 35.Bb2 g5 36.Qc3 Nd4 37.Nxd4 Rxd4
38.Qc2 Rd8 39.Rbd1 Rxd1 40.Qxd1 Rf7 41.Qd3 Kg7 42.Rd1 Bg3 43.Qc3 Re7 44.Rd6 Qf8
45.a4 Qg8 46.Qd2 Qc4 47.Ba3 Kf7 48.a5 Qb3 49.Bb4 Re6 50.Rd7+ Kf6 51.Rxb7 Re7
52.Qd6+ Qe6 53.Rxe7  1-0

[Event "Copenhagen Chess Challenge"]
[Site "Ballerup DEN"]
[Date "2009.05.08"]
[Round "5"]
[White "Carstensen,J"]
[Black "Getz,N"]
[Result "1-0"]
[WhiteElo "2331"]
[BlackElo "2205"]

1.d4 Nf6 2.c4 g6 3.Nc3 Bg7 4.e4 d6 5.Nf3 O-O 6.Be2 e5 7.O-O Nc6 8.d5 Ne7
9.b4 a5 10.bxa5 Rxa5 11.Nd2 c5 12.dxc6 bxc6 13.Nb3 Ra8 14.a4 d5 15.cxd5 cxd5
16.exd5 Nfxd5 17.Ne4 f5 18.Nec5 Kh8 19.Bc4 f4 20.Bb2 Bf5 21.Re1 Qd6 22.Ne4 Qc6
23.Bb5 Qb6 24.Nec5 Rac8 25.Bxe5 Bxe5 26.Rxe5 Rxc5 27.Qd4 Rxb5 28.Rxf5+ Kg8
29.Rxf8+ Kxf8 30.axb5 Qxb5 31.Qh8+ Kf7 32.Qxh7+ Kf6 33.Qh8+ Kf7 34.Nd4 Qb2
35.Re1 Nf6 36.Nf3  1-0

[Event "Moscow Region Spring GM"]
[Site "Serpukhov RUS"]
[Date "2009.05.08"]
[Round "15"]
[White "Podolchenko,E"]
[Black "Can,E"]
[Result "1/2-1/2"]
[WhiteElo "2475"]
[BlackElo "2461"]

1.d4 Nf6 2.c4 g6 3.Nc3 Bg7 4.e4 d6 5.Nf3 O-O 6.Be2 e5 7.O-O Nc6 8.d5 Ne7
9.Ne1 Nd7 10.Be3 f5 11.f3 f4 12.Bf2 g5 13.Rc1 Ng6 14.c5 Nxc5 15.b4 Na6 16.Nb5 Bd7
17.Nxa7 h5 18.h3 Nxb4 19.Qb3 g4 20.hxg4 hxg4 21.fxg4 f3 22.Bxf3 Bh6 23.Rc3 Na6
24.Qxb7 Nc5 25.Bxc5 dxc5 26.g5 Qxg5 27.Qxc7 Rf7 28.Bh5 Rh7 29.Bxg6 Qxg6 30.Qxe5 Bg7
31.Rg3 Bg4 32.Nf3 Bxe5 33.Nxe5 Qh5 34.Rxg4+ Rg7 35.Rxg7+ Kxg7 36.Nf7 Qxf7
37.Rxf7+ Kxf7 38.Nc6 Rxa2 39.Kf1 Ke8 40.g4 Kd7 41.Ne5+ Ke7 42.g5 Ra4 43.g6 Kf6
44.Nd7+ Kxg6 45.Nxc5  1/2-1/2

[Event "Copenhagen Chess Challenge"]
[Site "Ballerup DEN"]
[Date "2009.05.09"]
[Round "7"]
[White "De Verdier,M"]
[Black "Mikkelsen,N"]
[Result "0-1"]
[WhiteElo "2229"]
[BlackElo "2394"]

1.Nf3 Nf6 2.c4 g6 3.Nc3 Bg7 4.e4 d6 5.d4 O-O 6.Be2 e5 7.O-O Nc6 8.d5 Ne7
9.b4 Nh5 10.Re1 f5 11.Ng5 Nf6 12.Bf3 h6 13.Ne6 Bxe6 14.dxe6 c6 15.Bb2 Qc7
16.Qb3 Rad8 17.Rad1 fxe4 18.Nxe4 Nxe4 19.Bxe4 Rf6 20.b5 Rxe6 21.bxc6 bxc6
22.Ba3 Kh7 23.h4 Kh8 24.h5 gxh5 25.Rb1 Ng6 26.Qb7 Qxb7 27.Rxb7 d5 28.Rd1 Nf4
29.Kh2 Ree8 30.Be7 Rb8 31.Rxb8 Rxb8 32.cxd5 cxd5 33.Bxd5 Nxd5 34.Rxd5 Rb2
35.Rd8+ Kh7 36.Rd7 Rxf2 37.Rxa7 Kg6 38.Bc5 Rc2 39.Be3 h4 40.Ra4 Bf6 41.Bb6 Rc1
42.Ra6 Rc6 43.a4 e4 44.a5 e3 45.Ra8 Re6 46.Bxe3 Rxe3 47.a6 Be5+ 48.Kg1 Bg3
49.Rf8 Ra3 50.Rf3 Ra1+  0-1

[Event "2nd Mayors Cup"]
[Site "Mumbai IND"]
[Date "2009.05.09"]
[Round "10"]
[White "Ram,S"]
[Black "Konguvel,P"]
[Result "1-0"]
[WhiteElo "2310"]
[BlackElo "2428"]

1.Nf3 Nf6 2.c4 g6 3.Nc3 Bg7 4.e4 d6 5.d4 O-O 6.Be2 e5 7.O-O Nc6 8.d5 Ne7
9.Ne1 Nd7 10.f3 f5 11.g4 Kh8 12.h4 Ng8 13.g5 f4 14.Kg2 h6 15.Rh1 Rf7 16.Nd3 Bf8
17.Qg1 Rh7 18.Kf1 hxg5 19.hxg5 Rxh1 20.Qxh1+ Kg7 21.Qh4 Be7 22.Nxf4 exf4
23.Bxf4 Ne5 24.Be3 c5 25.Kg2 Nf7 26.f4 Qb6 27.b3 Nf6 28.Rh1 Bd7 29.gxf6+ Bxf6
30.Qh7+ Kf8 31.e5 Bg7 32.e6 Nh8 33.f5 gxf5 34.Bh6  1-0

[Event "Copenhagen Chess Challenge"]
[Site "Ballerup DEN"]
[Date "2009.05.10"]
[Round "8"]
[White "Rossen,C"]
[Black "Christensen,Bo"]
[Result "1-0"]
[WhiteElo "2134"]
[BlackElo "2240"]

1.d4 Nf6 2.Nf3 g6 3.c4 Bg7 4.Nc3 O-O 5.e4 d6 6.Be2 e5 7.O-O Nc6 8.d5 Ne7
9.b4 a5 10.Ba3 axb4 11.Bxb4 b6 12.a4 Nh5 13.g3 f5 14.Ng5 Nf6 15.Bf3 Ne8 16.a5 h6
17.Ne6 Bxe6 18.dxe6 c5 19.Ba3 Rxa5 20.Nb5 Rf6 21.Bb2 Rxa1 22.Bxa1 Rxe6 23.exf5 gxf5
24.Bd5 Nxd5 25.Qxd5 Qe7 26.Qc6 Kh7 27.Bc3 Nf6 28.Nc7 Ne4 29.Nxe6 Qxe6 30.Rc1 Qxc4
31.Qd7 Nxc3 32.Rxc3 Qe4 33.Rb3 f4 34.Qxd6 Qc2 35.Rxb6 f3 36.h4 h5 37.Rc6 c4
38.Qd5 Qb1+ 39.Kh2 Qd3 40.Qxc4 Qxc4 41.Rxc4 Kg6 42.g4  1-0

[Event "III Open"]
[Site "La Laguna ESP"]
[Date "2009.05.10"]
[Round "9"]
[White "Garcia Rodriguez,P"]
[Black "Barrio Pareja,E"]
[Result "1/2-1/2"]
[WhiteElo "1842"]
[BlackElo "2061"]

1.c4 Nf6 2.Nf3 g6 3.d4 Bg7 4.Nc3 O-O 5.e4 d6 6.Be2 e5 7.O-O Nc6 8.d5 Ne7
9.Ne1 Nd7 10.f3 f5 11.g4 fxg4 12.fxg4 Kh8 13.h4 Ng8 14.g5 c6 15.Be3 Qe7 16.Nd3 Nc5
17.Nxc5 dxc5 18.Rxf8  1/2-1/2

[Event "82nd ch-St Petersburg"]
[Site "St Petersburg RUS"]
[Date "2009.05.12"]
[Round "5"]
[White "Goganov,A"]
[Black "Solovjov,S"]
[Result "1-0"]
[WhiteElo "2462"]
[BlackElo "2404"]

1.d4 Nf6 2.c4 g6 3.Nc3 Bg7 4.e4 d6 5.Nf3 O-O 6.Be2 e5 7.O-O Nc6 8.d5 Ne7
9.Nd2 a5 10.Rb1 Nd7 11.a3 f5 12.b4 Kh8 13.Qc2 Nf6 14.f3 c6 15.dxc6 Nxc6 16.Nb5 axb4
17.axb4 Nh5 18.Rd1 Nd4 19.Nxd4 exd4 20.Nb3 Be5 21.Nxd4 Qh4 22.f4 Nxf4 23.Nf3 Qg4
24.Bxf4 Qxf4 25.Nxe5 Qxe5 26.Bf3 Be6 27.Qd3 fxe4 28.Bxe4 Ra2 29.Qxd6 Qxd6
30.Rxd6 Bxc4 31.Bxb7 Rb8 32.Be4 Ra4 33.Rd4 Ba2 34.Rb2 Be6 35.h3 Rf8 36.Bc6 Ra1+
37.Kh2 h5 38.b5 g5 39.b6  1-0

[Event "XXVIII Open"]
[Site "Zalakaros HUN"]
[Date "2009.05.12"]
[Round "5"]
[White "Keilhack,H"]
[Black "Antal,T"]
[Result "0-1"]
[WhiteElo "2252"]
[BlackElo "2103"]

1.Nf3 Nf6 2.c4 g6 3.Nc3 Bg7 4.e4 d6 5.d4 O-O 6.Be2 e5 7.O-O Nc6 8.d5 Ne7
9.Ne1 Nd7 10.Be3 f5 11.f3 f4 12.Bf2 g5 13.a4 a5 14.Nd3 b6 15.b4 axb4 16.Nb5 Nf6
17.Qe1 Rf7 18.Qxb4 g4 19.Rfb1 Ng6 20.Be1 g3 21.h3 Nh4 22.Rb2 Bxh3 23.gxh3 Qd7
24.Bd1 Qxh3 25.Raa2 Nxe4 26.fxe4 f3 27.Bxg3 Qxg3+ 28.Kf1 Qg2+ 29.Ke1 Qg1+
30.Kd2 f2 31.Be2 Nf3+ 32.Kc3 Nd4 33.Nxd4 exd4+ 34.Kb3 f1=Q 35.Bxf1 Qxf1 36.Qd2 Rf3
37.Kc2 Raf8 38.Rb1 Rxd3  0-1

[Event "VI Moncada Open"]
[Site "Santiago de Cuba CUB"]
[Date "2009.05.20"]
[Round "5"]
[White "Proietti,G"]
[Black "Cabrera Ladron de Guevara,M"]
[Result "0-1"]
[WhiteElo "1932"]
[BlackElo "1950"]

1.d4 Nf6 2.c4 g6 3.Nc3 Bg7 4.e4 d6 5.Nf3 O-O 6.Be2 e5 7.O-O Nc6 8.d5 Ne7
9.Ne1 Nd7 10.Be3 f5 11.f3 f4 12.Bf2 Nf6 13.Rc1 g5 14.b4 Ng6 15.c5 h5 16.cxd6 cxd6
17.a4 Rf7 18.a5 g4 19.Nb5 g3 20.Bxa7 gxh2+ 21.Kh1 Ne8 22.Bb6 Qg5 23.Na7 Bd7
24.Bb5 Bf8 25.Bxd7 Rxd7 26.Qe2 h4 27.Nd3 Nf6 28.Qf2 Nh5 29.Kxh2 Ng3 30.Rg1 Rh7
31.Rh1 h3 32.gxh3 Qh5 33.Qg2 Nh4 34.Qf2 Nxf3+ 35.Kg2 Nh4+ 36.Kh2 Nxh1 37.Kxh1 Nf3
38.Qf1 Nd2 39.Qg2+ Rg7 40.Qxd2 Qxh3+  0-1

[Event "18th CRO-Cup"]
[Site "Sibenik CRO"]
[Date "2009.05.20"]
[Round "1"]
[White "Grguric,Dam"]
[Black "Grgurevic,B"]
[Result "1/2-1/2"]
[WhiteElo "2026"]
[BlackElo "2243"]

1.d4 Nf6 2.c4 g6 3.Nc3 Bg7 4.e4 d6 5.Nf3 O-O 6.Be2 e5 7.O-O Nc6 8.dxe5 Nxe5
9.Nxe5 dxe5 10.Bg5 c6 11.Qc2 Qe7 12.Rad1 h6 13.Bh4 g5 14.Bg3 Ne8 15.f3 Nc7
16.Rd2 Ne6 17.Bf2 Nd4 18.Qd1 Be6 19.Bd3 Rfd8 20.b3 Qa3 21.Bxd4 Rxd4 22.Ne2 Rd7
23.Bb1 Rad8 24.Rxd7 Rxd7 25.Qc2 Qc5+ 26.Kh1 Bf8 27.Rd1 Qf2 28.Nc1 Ba3 29.Nd3 Qd4
30.Qe2 a5 31.h3 a4 32.Bc2 axb3 33.axb3 Qc3 34.Nf2 Bc5 35.Rxd7 Bxd7 36.g3 Bxf2
37.Qxf2 Bxh3 38.g4 Bf1 39.Qxf1 Qxc2 40.b4 Kg7 41.b5 Kf6 42.Kg1 Ke6 43.bxc6 bxc6
44.Qh3 Qxc4 45.Qxh6+ f6 46.Qf8 Qd4+ 47.Kg2 Qd7 48.Kf2 Qe7 49.Qg8+ Kd6 50.Qb8+ Kc5
51.Qb3 Qd7 52.Qc3+ Kd6 53.Qd2+ Ke6 54.Qa2+ Ke7 55.Qa3+ Qd6 56.Qa7+ Ke6 57.Qa2+ Kd7
58.Ke2 c5 59.Qa4+ Qc6 60.Qa7+ Ke6 61.Qa2+ c4 62.Kd2 Qd6+ 63.Kc3 Qd3+ 64.Kb4 Ke7
65.Qxc4 Qxf3 66.Qc7+ Kf8 67.Qd8+ Kg7 68.Qe7+  1/2-1/2

[Event "18th CRO-Cup"]
[Site "Sibenik CRO"]
[Date "2009.05.22"]
[Round "3"]
[White "Kozul,Z"]
[Black "Jovanovic,Zo CRO"]
[Result "1-0"]
[WhiteElo "2600"]
[BlackElo "2525"]

1.d4 Nf6 2.c4 d6 3.Nf3 g6 4.Nc3 Bg7 5.e4 O-O 6.Be2 e5 7.O-O Nc6 8.d5 Ne7
9.Ne1 Ne8 10.Be3 f5 11.f3 f4 12.Bf2 h5 13.c5 g5 14.a4 Kh8 15.a5 dxc5 16.Bxc5 Nd6
17.Nd3 Ng8 18.a6 b6 19.Bxd6 cxd6 20.Nb5 Nh6 21.h3 Rg8 22.Ra3 Bf6 23.Nb4 g4
24.fxg4 Bh4 25.Nc6 Qd7 26.Qd2 Kh7 27.Bd1 hxg4 28.hxg4 Bg3 29.Qb4 Rg6 30.Bf3 Nxg4
31.Rc1 Rh6 32.Nxe5 Nf2 33.Kf1 Rh1+ 34.Ke2 Rxc1 35.Nxd7 Rc2+ 36.Kf1 Rc1+ 37.Ke2 Rc2+
38.Qd2 Rxd2+ 39.Kxd2 Bxd7 40.Nxd6 Ng4 41.Rc3 Ne5 42.Rc7 Kg6 43.b3 Kf6 44.Nc4 Bb5
45.Nxe5 Kxe5 46.Re7+ Kd6 47.Re6+ Kc5 48.Be2 Bd7 49.Re7 Kd6 50.Rg7 Rd8 51.Bg4 f3
52.gxf3 Bf4+ 53.Kc2 Rc8+ 54.Kb1 Bxg4 55.Rxg4 Be5 56.f4 Bd4 57.Rg6+ Kc5 58.Kc2 Rh8
59.Rc6+ Kb5 60.Kd3 Bc5 61.e5 Rh3+ 62.Ke4 Rxb3 63.Rc7 Rb4+ 64.Kf5 Be3 65.Rxa7 Rxf4+
66.Ke6 Re4 67.d6 Bf4 68.Kf5 Rxe5+ 69.Kxf4 Rd5 70.d7 Kc6 71.Ke4 Rd1 72.Ke5 b5
73.Ke6 b4 74.Ke7 Re1+ 75.Kd8 Kd6 76.Rb7  1-0